[Event "Tatarstan-ch"]
[Site "Kazan"]
[Date "2016.09.24"]
[Round "9"]
[White "Nizamov, Ildar"]
[Black "Samusenko, Maksim"]
[Result "1/2-1/2"]
[WhiteElo "2302"]
[BlackElo "2340"]
[PlyCount "137"]
[EventDate "2016.09.16"]
[EventType "swiss"]
[EventRounds "9"]
[EventCountry "RUS"]
[SourceTitle "CBM 174 Extra"]
[Source "ChessBase"]
[SourceDate "2016.10.10"]
[SourceVersion "1"]
[SourceVersionDate "2016.10.10"]
[SourceQuality "1"]

1. e4 d6 2. d4 Nf6 3. Nc3 e5 4. Nf3 Nbd7 5. Bc4 Be7 6. 0-0 0-0 7. Re1 c6 8. a4 exd4 9. Nxd4 Ne5 10. Bf1 Re8 11. h3 Bd7 12. g4 h6 13. f4 Ng6 14. Nf5 Bf8 15. Bd3 d5 16. e5 Bc5+ 17. Kg2 Nh7 18. Bd2 h5 19. gxh5 Bxf5 20. hxg6 fxg6 21. Bxf5 gxf5 22. Qh5 Qd7 23. Ne2 Nf8 24. b4 g6 25. Qf3 Be7 26. Kh2 Ne6 27. Rg1 Kf7 28. Qf2 Rh8 29. Nd4 Rh6 30. Nxe6 Qxe6 31. Rab1 a6 32. Rb3 Rah8 33. Qe2 Rh5 34. Rgg3 Rh4 35. Rgf3 Bd8 36. Be1 R4h5 37. Bd2 Bc7 38. Kg2 Bd8 39. Kh2 Be7 40. Bc3 g5 41. fxg5 Bxg5 42. Bd4 f4 43. Qf1 Ke8 44. b5 axb5 45. axb5 Bd8 46. bxc6 Qxc6 47. Rbc3 Qa6 48. Rxf4 Qxf1 49. Rxf1 R8h7 50. Rcf3 Bc7 51. Re1 Re7 52. Rfe3 Kd7 53. Kg2 Ke6 54. Rg3 Rh6 55. Rf1 Bxe5 56. Re1 Kd6 57. Bxe5+ Rxe5 58. Rxe5 Kxe5 59. Rb3 b6 60. Kg3 Rg6+ 61. Kf3 Rc6 62. Re3+ Kf5 63. Rd3 Ke5 64. Re3+ Kf5 65. Rd3 Rc5 66. h4 Rxc2 67. Rxd5+ Kg6 68. Rd6+ Kh5 69. Ke4 1/2-1/2

[Event "Tatarstan-ch"]
[Site "Kazan"]
[Date "2016.09.20"]
[Round "5"]
[White "Sadykov, Ramil"]
[Black "Nizamov, Ildar"]
[Result "1-0"]
[WhiteElo "2364"]
[BlackElo "2302"]
[PlyCount "99"]
[EventDate "2016.09.16"]
[EventType "swiss"]
[EventRounds "9"]
[EventCountry "RUS"]
[SourceTitle "CBM 174 Extra"]
[Source "ChessBase"]
[SourceDate "2016.10.10"]
[SourceVersion "1"]
[SourceVersionDate "2016.10.10"]
[SourceQuality "1"]

1. e4 Nc6 2. d4 d5 3. Nc3 dxe4 4. d5 Nb8 5. Nxe4 Nf6 6. Nxf6+ exf6 7. Nf3 Be7 8. Be3 0-0 9. Be2 Nd7 10. 0-0 Nc5 11. c4 a5 12. Nd4 f5 13. Qc2 g6 14. Bf3 Bd7 15. b3 Bd6 16. Rfd1 Qf6 17. Ne2 f4 18. Bd4 Qh4 19. a3 Rfe8 20. Qb2 Ne4 21. Bxe4 Rxe4 22. f3 Ree8 23. c5 Bf8 24. Nc3 Bf5 25. Qf2 Qxf2+ 26. Kxf2 Bc2 27. Rd2 Bxb3 28. Rb1 a4 29. Ne4 Red8 30. Nf6+ Kg7 31. Ne8+ Kh6 32. Nxc7 Rac8 33. d6 b6 34. Bf6 Rd7 35. cxb6 Rxd6 36. Rxd6 Bxd6 37. Rc1 Rb8 38. Bd4 Bxa3 39. Rc6 Rb7 40. g4 fxg3+ 41. hxg3 Be7 42. g4 a3 43. Kg3 a2 44. Ne8 f6 45. f4 Rb8 46. Nxf6 Bxf6 47. Bxf6 Re8 48. Bd4 Rd8 49. Rc7 Rg8 50. g5+ 1-0

[Event "Samara Polugaevsky Memorial 4th"]
[Site "Samara"]
[Date "2014.07.07"]
[Round "6"]
[White "Baraeva, Irina"]
[Black "Nizamov, Ildar"]
[Result "1-0"]
[WhiteElo "2163"]
[BlackElo "2297"]
[PlyCount "73"]
[EventDate "2014.07.02"]
[EventType "swiss"]
[EventRounds "9"]
[EventCountry "RUS"]
[SourceTitle "CBM 161 Extra"]
[Source "ChessBase"]
[SourceDate "2014.08.29"]
[SourceVersion "1"]
[SourceVersionDate "2014.08.29"]
[SourceQuality "1"]

1. d4 Nf6 2. c4 e6 3. Nf3 c5 4. d5 exd5 5. cxd5 d6 6. Nc3 g6 7. Bf4 a6 8. a4 Bg7 9. h3 0-0 10. e3 Qe7 11. Nd2 Nbd7 12. Be2 Ne8 13. 0-0 f5 14. Bh2 Rb8 15. a5 Nc7 16. Nc4 Ne5 17. Na4 Nb5 18. Qb3 Kh8 19. Nxe5 Bxe5 20. Bxe5+ Qxe5 21. Bxb5 axb5 22. Qxb5 f4 23. exf4 Qxf4 24. Ra3 Bf5 25. Re3 Rbd8 26. Nc3 c4 27. Ne2 Qh4 28. g3 Qf6 29. Nf4 g5 30. Ne6 Bxh3 31. Nxf8 Rxf8 32. Re8 Bxf1 33. Rxf8+ Qxf8 34. Kxf1 Qc8 35. Qb6 c3 36. Qd4+ Kg8 37. bxc3 1-0

[Event "Samara Polugaevsky Memorial 4th"]
[Site "Samara"]
[Date "2014.07.06"]
[Round "5"]
[White "Nizamov, Ildar"]
[Black "Makarenko, Alexandra"]
[Result "1-0"]
[WhiteElo "2297"]
[BlackElo "2064"]
[PlyCount "101"]
[EventDate "2014.07.02"]
[EventType "swiss"]
[EventRounds "9"]
[EventCountry "RUS"]
[SourceTitle "CBM 161 Extra"]
[Source "ChessBase"]
[SourceDate "2014.08.29"]
[SourceVersion "1"]
[SourceVersionDate "2014.08.29"]
[SourceQuality "1"]

1. c4 e5 2. Nc3 Nc6 3. g3 g6 4. Bg2 Bg7 5. Rb1 f5 6. b4 a6 7. d3 Nf6 8. e3 0-0 9. Nge2 d6 10. 0-0 g5 11. f4 gxf4 12. exf4 Qe8 13. h3 Qg6 14. Kh2 Nh5 15. Nd5 Rf7 16. Be3 Be6 17. a4 Kh8 18. Qe1 Re8 19. Qf2 Nd4 20. Nxd4 exd4 21. Bd2 Bxd5 22. cxd5 Rfe7 23. Rfe1 Nf6 24. Rxe7 Rxe7 25. Re1 Qe8 26. Rxe7 Qxe7 27. a5 Kg8 28. Kg1 Kf8 29. Kf1 Ke8 30. Be1 Kd7 31. Qf3 h5 32. Bf2 Qe8 33. Bxd4 Ng4 34. hxg4 Bxd4 35. g5 Bc3 36. Qe2 Bxb4 37. Bh3 Qxe2+ 38. Kxe2 Bxa5 39. Bxf5+ Ke8 40. d4 Bc3 41. Ke3 a5 42. Bc2 Be1 43. f5 Ke7 44. f6+ Kf7 45. Kf4 b5 46. Kf5 a4 47. g6+ Kg8 48. Ke6 Bxg3 49. g7 a3 50. Bh7+ Kxh7 51. Kf7 1-0

[Event "Tatarstan-ch op"]
[Site "Kazan"]
[Date "2012.09.05"]
[Round "3"]
[White "Nizamov, Ildar"]
[Black "Lebedev, Yury"]
[Result "1/2-1/2"]
[WhiteElo "2311"]
[BlackElo "1647"]
[PlyCount "102"]
[EventDate "2012.09.03"]
[EventType "swiss"]
[EventRounds "9"]
[EventCountry "RUS"]
[SourceTitle "CBM 150 Extra"]
[Source "ChessBase"]
[SourceDate "2012.10.19"]
[SourceVersion "1"]
[SourceVersionDate "2012.10.19"]
[SourceQuality "1"]

1. g3 Nf6 2. Bg2 d5 3. Nf3 Bf5 4. d3 e6 5. 0-0 h6 6. c4 c6 7. Be3 dxc4 8. dxc4 Qxd1 9. Rxd1 Nbd7 10. Nc3 Bc5 11. Nd4 Bg6 12. Na4 Be7 13. Rac1 Be4 14. Bxe4 Nxe4 15. Nb3 b6 16. f3 Nef6 17. Nd4 Rc8 18. Bf2 Nc5 19. Nc3 a5 20. b3 g6 21. Rb1 0-0 22. Kf1 Rfd8 23. e4 Nfd7 24. Ke2 e5 25. Nc2 Nf8 26. Rxd8 Rxd8 27. Rd1 Rxd1 28. Nxd1 Nfe6 29. Nb2 Kf8 30. Ne1 f6 31. Ned3 Nxd3 32. Nxd3 c5 33. f4 Bd6 34. Be3 exf4 35. gxf4 g5 36. fxg5 fxg5 37. e5 Bc7 38. Kf3 Kf7 39. Ke4 Kg6 40. Nf2 Bd8 41. Nh1 h5 42. Ng3 g4 43. Kd5 Ng5 44. e6 h4 45. Ne2 Be7 46. Bxg5 Kxg5 47. Kc6 Kf6 48. Kd7 Bf8 49. Nf4 Kg5 50. Ne2 Kf6 51. Nf4 Kg5 1/2-1/2

[Event "Tatarstan-ch op"]
[Site "Kazan"]
[Date "2007.08.23"]
[Round "4"]
[White "Nizamov, Ildar"]
[Black "Pavlov, Denis"]
[Result "1-0"]
[WhiteElo "2300"]
[BlackElo "2313"]
[PlyCount "71"]
[EventDate "2007.08.20"]
[EventType "swiss"]
[EventRounds "9"]
[EventCountry "RUS"]
[SourceTitle "EXT 2009"]
[Source "ChessBase"]
[SourceDate "2008.11.26"]
[SourceVersion "1"]
[SourceVersionDate "2008.11.26"]
[SourceQuality "1"]

1. e4 c5 2. Nf3 Nc6 3. Nc3 g6 4. d4 cxd4 5. Nxd4 Bg7 6. Nb3 Nf6 7. Be2 0-0 8. 0-0 a5 9. a4 d6 10. Re1 Be6 11. h3 Rc8 12. Bb5 Nb4 13. Bd2 Bxb3 14. cxb3 Nd7 15. Rc1 Nc5 16. Bg5 h6 17. Be3 b6 18. Nd5 Nc6 19. Bxc6 Rxc6 20. b4 axb4 21. Nxb4 Rc8 22. Nd5 e6 23. Nc3 Qd7 24. b4 Bxc3 25. Rxc3 Nxa4 26. Ra3 b5 27. Bxh6 Rfe8 28. e5 d5 29. Qd2 Qc7 30. Bg5 Qc2 31. Qf4 Qc4 32. Qg3 Qxb4 33. f4 Qf8 34. Qh4 Qg7 35. Rg3 Nc5 36. Rg4 1-0

[Event "Tatarstan-ch op"]
[Site "Kazan"]
[Date "2007.08.22"]
[Round "3"]
[White "Rodchenkov, Sergey D"]
[Black "Nizamov, Ildar"]
[Result "1/2-1/2"]
[WhiteElo "2398"]
[BlackElo "2300"]
[PlyCount "37"]
[EventDate "2007.08.20"]
[EventType "swiss"]
[EventRounds "9"]
[EventCountry "RUS"]
[SourceTitle "EXT 2009"]
[Source "ChessBase"]
[SourceDate "2008.11.26"]
[SourceVersion "1"]
[SourceVersionDate "2008.11.26"]
[SourceQuality "1"]

1. e4 g6 2. d4 Bg7 3. Nc3 d6 4. Be3 a6 5. h4 Nf6 6. f3 Nc6 7. Qd2 h5 8. Nge2 b5 9. a4 b4 10. Na2 Rb8 11. d5 Ne5 12. Nd4 a5 13. Bb5+ Bd7 14. Qe2 0-0 15. Rd1 Qe8 16. c4 c5 17. dxc6 Nxc6 18. Nc1 Nxd4 19. Bxd4 1/2-1/2

[Event "Muhamedzjanov Memorial"]
[Site "Kazan"]
[Date "2007.02.02"]
[Round "8"]
[White "Malygin, Alexander"]
[Black "Nizamov, Ildar"]
[Result "0-1"]
[WhiteElo "2114"]
[BlackElo "2307"]
[PlyCount "52"]
[EventDate "2007.01.26"]
[EventType "swiss"]
[EventRounds "9"]
[EventCountry "RUS"]
[SourceTitle "EXT 2008"]
[Source "ChessBase"]
[SourceDate "2007.11.25"]
[SourceVersion "1"]
[SourceVersionDate "2007.11.25"]
[SourceQuality "1"]

1. e4 c5 2. Nc3 Nc6 3. f4 g6 4. Nf3 Bg7 5. Bb5 Nd4 6. 0-0 Nxb5 7. Nxb5 Nf6 8. e5 Nd5 9. d4 Nc7 10. a4 cxd4 11. Qxd4 a6 12. Nc3 d6 13. Qb6 0-0 14. Rd1 Ne6 15. Nd5 dxe5 16. Nf6+ exf6 17. Rxd8 Rxd8 18. Be3 exf4 19. Bf2 Bf8 20. c3 Rd6 21. Qb3 Bd7 22. Nd4 Nxd4 23. Bxd4 Bc6 24. Re1 Rd5 25. Re2 Rf5 26. Qc2 f3 0-1

[Event "Tula Suetin Memorial op"]
[Site "Tula"]
[Date "2002.03.29"]
[Round "7"]
[White "Voitsekhovsky, Stanislav"]
[Black "Nizamov, Ildar"]
[Result "1-0"]
[WhiteElo "2527"]
[BlackElo "2394"]
[PlyCount "73"]
[EventDate "2002.03.23"]
[EventType "swiss"]
[EventRounds "9"]
[EventCountry "RUS"]
[SourceTitle "CBM 087 Extra"]
[Source "ChessBase"]
[SourceDate "2002.05.03"]
[SourceVersion "2"]
[SourceVersionDate "2002.08.09"]
[SourceQuality "1"]

1. e4 c5 2. Nf3 e6 3. d4 cxd4 4. Nxd4 Nc6 5. Nc3 Qc7 6. g3 a6 7. Bg2 d6 8. 0-0 Bd7 9. a4 Nf6 10. Nb3 b6 11. f4 Be7 12. Kh1 Bc8 13. Qe2 Bb7 14. Be3 0-0 15. Rad1 Rfe8 16. g4 Nd7 17. g5 Bf8 18. Rf3 Nb4 19. Rh3 g6 20. Qf2 Bg7 21. Rf1 Qc6 22. Bd4 Bxd4 23. Nxd4 Qc5 24. Nd1 Nc6 25. c3 Nxd4 26. cxd4 Qb4 27. f5 exf5 28. exf5 Bxg2+ 29. Kxg2 Re7 30. Nc3 Qc4 31. f6 Re6 32. Rxh7 Kxh7 33. Qh4+ Kg8 34. Qh6 Nxf6 35. gxf6 Rxf6 36. Rxf6 Qxd4 37. Qf4 1-0

[Event "RUS-chT 08th Group2"]
[Site "Tomsk"]
[Date "2001.05.14"]
[Round "2"]
[White "Nizamov, Ildar"]
[Black "Balberov, Alexander"]
[Result "1/2-1/2"]
[WhiteElo "2405"]
[BlackElo "2416"]
[PlyCount "99"]
[EventDate "2001.05.13"]
[EventType "team-tourn"]
[EventRounds "5"]
[EventCountry "RUS"]
[SourceTitle "EXT 2020"]
[Source "ChessBase"]
[SourceDate "2019.10.17"]
[SourceVersion "1"]
[SourceVersionDate "2019.10.17"]
[SourceQuality "1"]
[WhiteTeam "Kazan Ladya"]
[BlackTeam "Nizhny Tagil Politekhnik"]
[WhiteTeamCountry "RUS"]
[BlackTeamCountry "RUS"]

1. e4 Nf6 2. e5 Nd5 3. d4 d6 4. Nf3 Bg4 5. c4 Nb6 6. d5 N8d7 7. e6 fxe6 8. h3 Bxf3 9. Qxf3 Qc8 10. Nc3 c6 11. dxe6 Nc5 12. Be3 Qxe6 13. 0-0-0 Ncd7 14. Qf4 Qf7 15. Qh4 Ne5 16. b3 0-0-0 17. c5 dxc5 18. Rxd8+ Kxd8 19. Bxc5 Qf6 20. Qg3 Ned7 21. Qd3 Kc7 22. Be3 e6 23. Kb1 Nd5 24. Ne4 Qg6 25. Bd4 N5f6 26. Nxf6 gxf6 27. f4 Bc5 28. Bb2 Bd6 29. Qxg6 hxg6 30. Bc4 Bxf4 31. Bxe6 Be5 32. Rd1 Rd8 33. Bf7 Bxb2 34. Kxb2 Ne5 35. Rxd8 Kxd8 36. Be6 g5 37. Kc3 Ke7 38. Bf5 a5 39. g3 Kd6 40. h4 gxh4 41. gxh4 Kd5 42. h5 Nf7 43. Kd3 Nh6 44. Bc8 b6 45. Bd7 b5 46. Bh3 Kc5 47. a3 Kd6 48. Ke4 Ke7 49. Kd4 Kd6 50. Ke4 1/2-1/2

[Event "Tatry op"]
[Site "Tatranska Lomnica"]
[Date "1997.??.??"]
[Round "4"]
[White "Nizamov, Ildar"]
[Black "Hanko, Pavol"]
[Result "1-0"]
[WhiteElo "2425"]
[BlackElo "2175"]
[PlyCount "77"]
[EventDate "1997.10.18"]
[EventType "swiss"]
[EventRounds "9"]
[EventCountry "SVK"]
[SourceTitle "EXT 1999"]
[Source "ChessBase"]
[SourceDate "1998.11.16"]
[SourceVersion "1"]
[SourceVersionDate "1998.11.16"]
[SourceQuality "1"]

1. e4 c5 2. Nf3 e6 3. d3 Nc6 4. g3 g6 5. Bg2 Bg7 6. 0-0 Nge7 7. c3 Qb6 8. Na3 d5 9. Qe2 0-0 10. e5 d4 11. c4 a6 12. h4 h5 13. Re1 Qc7 14. Bf4 Rb8 15. Rac1 Nb4 16. Nc2 Nxa2 17. Ra1 Nb4 18. Nxb4 cxb4 19. Nxd4 Rd8 20. Nb3 b5 21. cxb5 Rxb5 22. d4 Nf5 23. Rac1 Qb8 24. Bg5 Rd7 25. d5 Rbxd5 26. Bxd5 Rxd5 27. Qc4 Bd7 28. Qc7 Qxc7 29. Rxc7 Bb5 30. Bf6 a5 31. Nc5 Nd4 32. Kg2 a4 33. Ne4 Be2 34. Ng5 Bxf6 35. exf6 Rd8 36. Rxf7 Bf3+ 37. Kh2 Nf5 38. Ra7 Bd5 39. Nxe6 1-0

[Event "Tatry op"]
[Site "Tatranska Lomnica"]
[Date "1997.??.??"]
[Round "2"]
[White "Nizamov, Ildar"]
[Black "Mandak, Miroslav"]
[Result "1-0"]
[WhiteElo "2425"]
[BlackElo "2115"]
[PlyCount "75"]
[EventDate "1997.10.18"]
[EventType "swiss"]
[EventRounds "9"]
[EventCountry "SVK"]
[SourceTitle "EXT 1999"]
[Source "ChessBase"]
[SourceDate "1998.11.16"]
[SourceVersion "1"]
[SourceVersionDate "1998.11.16"]
[SourceQuality "1"]

1. e4 c5 2. Nf3 e6 3. d3 Nc6 4. g3 d5 5. Qe2 dxe4 6. dxe4 e5 7. c3 Nf6 8. Bg2 Be7 9. 0-0 0-0 10. Na3 Qc7 11. Nc4 Be6 12. Nh4 Bxc4 13. Qxc4 Na5 14. Qe2 c4 15. Nf5 Bc5 16. Bg5 Ne8 17. Rfd1 f6 18. Be3 b6 19. Bh3 Bxe3 20. Nxe3 Nd6 21. Rd5 Rad8 22. Rad1 b5 23. Qg4 Nab7 24. Bg2 Nc5 25. h4 Rfe8 26. h5 Nd3 27. b4 Nf7 28. Rxb5 a6 29. Rd5 Nd6 30. Bf1 Nb2 31. R1d2 Na4 32. Nxc4 Nf7 33. Rd7 Qb8 34. Ne3 Nb6 35. Nf5 Ng5 36. Ne7+ Kf8 37. Rxd8 Rxd8 38. Nc6 1-0